Communes du Luxembourg (Belgique) - Aléatoire - Statistiques

Statistiques générales
  • Ce quiz a été pris 208 fois
    18 depuis la dernière actualisation
  • Le résultat moyen est 6 sur 10
Réponses sur la Carte
Les réponses sont colorées sur une échelle allant du rouge au vert en fonction du pourcentage des utilisateurs qui les ont devinées à leur premier essai. Vous pouvez retrouver ces pourcentages ci-dessous.
 
Statistiques - réponses
Réponse % Correct
Arlon
100%
Attert
100%
Aubange
100%
Bastogne
100%
Chiny
100%
Durbuy
100%
Florenville
100%
Habay
100%
Tenneville
100%
Virton
100%
Herbeumont
83%
Vaux-sur-Sûre
80%
Tellin
75%
Bertrix
67%
Etalle
67%
Houffalize
67%
Paliseul
67%
Tintigny
67%
Wellin
67%
La-Roche-en-Ardenne
60%
Léglise
60%
Marche-en-Famenne
60%
Meix-devant-Virton
60%
Gouvy
50%
Hotton
50%
Manhay
50%
Messancy
50%
Saint-Hubert
50%
Vielsalm
50%
Martelange
40%
Daverdisse
33%
Libin
33%
Rouvroy
33%
Erezée
25%
Nassogne
25%
Saint-Léger
25%
Bouillon
0%
Fauvillers
0%
Libramont-Chevigny
0%
Musson
0%
Neufchâteau
0%
Rendeux
0%
Sainte-Ode
0%
Aucun quiz correspondant
Distribution des résultats
% des personnes avec chaque résultat
Percentile par nombre de réponses
Votre historique - résultats
Vous n’avez pas pris ce quiz depuis la dernière actualisation